000 00580nam a22001811a 4500
001 18695
003 OSt
005 20260204212418.0
008 180501s2011||||ck ||||||b||||||||||spa||
020 _a9789588692067
082 _a628.16 SI572c
100 _aSierra Ramírez,Carlos Alberto
245 _aCalidad del agua:evaluación y diagnóstico/Carlos Alberto Sierra Ramírez
264 _aMedellín:Universidad de Medellín;Ediciones de la U
300 _a457 p
650 _aAgua-Calidad 2.Tratamiento de Agua 3.Agua-Contramedida para la ContaminaciónÌ
942 _2ddc
_cBK
999 _c18695
_d18695